Normal view MARC view

Entry Personal Name

Number of records used in: 1

001 - CONTROL NUMBER

  • control field: 16056

003 - CONTROL NUMBER IDENTIFIER

  • control field: OSt

005 - DATE AND TIME OF LATEST TRANSACTION

  • control field: 20220728144802.0

008 - FIXED-LENGTH DATA ELEMENTS

  • fixed length control field: 220728|| aca||aabn | a|a d

040 ## - CATALOGING SOURCE

  • Original cataloging agency: OSt
  • Transcribing agency: OSt

100 ## - HEADING--PERSONAL NAME

  • Personal name: Gomez, Kwanchai A.: Arturo A. Gomez.

670 ## - SOURCE DATA FOUND

  • Source citation: Work cat.: (OSt): Gomez, Kwanchai A.: Arturo A. Gomez., Statistical procedures in agricultural experiments., c2003